Joueurs du PSG par numéro saison 2021/2022 - Statistiques

Statistiques générales
  • Ce quiz a été pris 64 fois
  • Le résultat moyen est 18 sur 32
Statistiques - réponses
Hint Réponse % Correct
1 Keylor Navas
91%
7 Kylian Mbappé
91%
5 Marquinhos
88%
10 Neymar Jr
88%
3 Presnel Kimpembe
88%
30 Lionel Messi
86%
6 Marco Verratti
84%
2 Achraf Hakimi
82%
11 Angel Di Maria
79%
25 Nuno Mendes
79%
9 Mauro Icardi
77%
50 Guianluigi Donnarumma
75%
4 Sergio Ramos
70%
30 Alexandre Letellier
68%
14 Juan Bernat
65%
15 Danilo Pereira
63%
8 Leandro Paredes
61%
21 Ander Herrera
54%
20 Layvin Kurazawa
53%
27 Idrissa Gueye
51%
23 Julian Draxler
49%
17 Colin Dagba
39%
22 Abdou Diallo
37%
24 Thilo Kehrer
37%
18 Georginio Wijnaldum
33%
31 El Chadaille Bitshiabu
25%
38 Edouard Michut
23%
35 Ismaël Gharbi
23%
34 Xavi Simons
23%
40 Denis Franchi
9%
28 Eric-Junior Dina-Ebimbe
9%
39 Nathan Bitumazala
2%
Aucun quiz correspondant
Distribution des résultats
% des personnes avec chaque résultat
Percentile par nombre de réponses
Votre historique - résultats
Vous n’avez pas pris ce quiz